[Event "45th Olympiad 2024"]
[Site "Budapest HUN"]
[Date "2024.09.12"]
[Round "2.4"]
[Board "4"]
[White "Lopez Silva, Hugo"]
[Black "Wang, Yue"]
[Result "0-1"]
[WhiteTitle "IM"]
[BlackTitle "GM"]
[WhiteElo "2379"]
[BlackElo "2637"]
[WhiteTeam "Chile"]
[BlackTeam "China"]
[WhiteFideId "3403874"]
[BlackFideId "8601429"]
[EventDate "2024.09.11"]

1. e4 c6 2. d4 d5 3. exd5 cxd5 4. Bd3 Nc6 5. c3 Nf6 6. Bf4 Bg4 7. Qb3 Qd7 8. Nd2
e6 9. Ngf3 Bd6 10. Bxd6 Qxd6 11. O-O O-O 12. Rae1 Bxf3 13. Nxf3 Qc7 14. Re3 Rab8
15. Qc2 g6 16. a4 Kg7 17. Qd2 a6 18. Rfe1 Rh8 19. Ne5 Nxe5 20. dxe5 Nd7 21. Rh3
h6 22. Rg3 Qd8 23. Qf4 Qe7 24. h4 Rbc8 25. h5 g5 26. Qd4 Nc5 27. Bc2 Nd7 28. f4
Rc4 29. Qf2 Kf8 30. fxg5 hxg5 31. Rf3 g4 32. Rf4 Rxh5 33. Bg6 Rxf4 34. Qxf4 Rh1+ 0-1

[Event "45th Olympiad 2024"]
[Site "Budapest HUN"]
[Date "2024.09.12"]
[Round "2.5"]
[Board "1"]
[White "Fawzy, Adham"]
[Black "Abdusattorov, Nodirbek"]
[Result "0-1"]
[WhiteTitle "GM"]
[BlackTitle "GM"]
[WhiteElo "2507"]
[BlackElo "2766"]
[WhiteTeam "Egypt"]
[BlackTeam "Uzbekistan"]
[WhiteFideId "10613129"]
[BlackFideId "14204118"]
[EventDate "2024.09.11"]

1. e4 e5 2. Nf3 Nc6 3. Bc4 d6 4. d4 exd4 5. Nxd4 Nf6 6. Nc3 Be7 7. O-O O-O 8.
Bf4 Ne5 9. Bb3 c6 10. Re1 Re8 11. Nf5 Bf8 12. Ne3 b5 13. Bxe5 dxe5 14. Qf3 g6
15. a4 b4 16. Na2 Bc5 17. Nc1 a5 18. Nd3 Bd4 19. h3 Kg7 20. Red1 Qc7 21. c3 bxc3
22. bxc3 Ba7 23. Bc4 h5 24. Rab1 Qe7 25. Re1 Nh7 26. Qe2 Qh4 27. Nf1 Ng5 28. Nh2
f5 29. Nf3 Nxf3+ 30. Qxf3 f4 31. Qd1 Rf8 32. Nxe5 Bxf2+ 33. Kh1 Rd8 34. Qe2 Bxh3
35. Nf3 Qg3 36. gxh3 Rd2 0-1

[Event "45th Olympiad 2024"]
[Site "Budapest HUN"]
[Date "2024.09.12"]
[Round "2.5"]
[Board "2"]
[White "Yakubboev, Nodirbek"]
[Black "Wageih, Kareim"]
[Result "1-0"]
[WhiteTitle "GM"]
[BlackTitle "IM"]
[WhiteElo "2666"]
[BlackElo "2402"]
[WhiteTeam "Uzbekistan"]
[BlackTeam "Egypt"]
[WhiteFideId "14203987"]
[BlackFideId "10604561"]
[EventDate "2024.09.11"]

1. e4 c6 2. d4 d5 3. Nd2 dxe4 4. Nxe4 Nf6 5. Nxf6+ exf6 6. c3 Bd6 7. Bd3 O-O 8.
Ne2 Qc7 9. Qc2 h6 10. Be3 Re8 11. h3 Be6 12. O-O Nd7 13. c4 Rad8 14. Rad1 Nf8
15. d5 cxd5 16. c5 Be7 17. b4 Nd7 18. Bb5 a6 19. Bf4 Qc8 20. Bxd7 Rxd7 21. Nd4
Bd8 22. Rfe1 Bc7 23. Bxc7 Qxc7 24. a4 Rde7 25. b5 axb5 26. axb5 Bc8 27. Rxe7
Rxe7 28. c6 Qf4 29. Qc5 Qe4 30. c7 Re5 31. Nf3 1-0

[Event "45th Olympiad 2024"]
[Site "Budapest HUN"]
[Date "2024.09.12"]
[Round "2.5"]
[Board "3"]
[White "Wafa, Hamed"]
[Black "Sindarov, Javokhir"]
[Result "1/2-1/2"]
[WhiteTitle "IM"]
[BlackTitle "GM"]
[WhiteElo "2368"]
[BlackElo "2677"]
[WhiteTeam "Egypt"]
[BlackTeam "Uzbekistan"]
[WhiteFideId "10628452"]
[BlackFideId "14205483"]
[EventDate "2024.09.11"]

1. e4 c5 2. Nf3 d6 3. d4 cxd4 4. Nxd4 Nf6 5. Nc3 a6 6. Bg5 e6 7. Qf3 Nbd7 8.
O-O-O Qc7 9. Qg3 Be7 10. f4 h6 11. Bh4 g5 12. fxg5 Rg8 13. Be2 hxg5 14. Bxg5 b5
15. a3 Ne5 16. h4 Nh7 17. Nf3 Nxg5 18. Nxe5 dxe5 19. hxg5 Bd7 20. g6 O-O-O 21.
g7 Bc6 22. Rxd8+ Qxd8 23. Qxe5 Bd6 24. Qh5 Rxg7 25. Rd1 Bf4+ 26. Kb1 Qg5 27.
Qh8+ Rg8 28. Qd4 Rd8 29. Qxd8+ Qxd8 30. Rxd8+ Kxd8 31. Bf3 a5 32. Ne2 Bd6 33.
Nd4 Bd7 34. c3 b4 35. axb4 axb4 36. Kc2 bxc3 37. Kxc3 Bg3 38. b4 e5 39. Nf5 Bxf5
40. exf5 f6 41. Kc4 Kc7 42. Kd5 Kb6 43. Ke6 Bh4 44. Be2 Bg5 45. Kd5 Bh4 46. Ke6
Bg5 47. Kd5 Bh4 48. Ke4 1/2-1/2

[Event "45th Olympiad 2024"]
[Site "Budapest HUN"]
[Date "2024.09.12"]
[Round "2.5"]
[Board "4"]
[White "Vokhidov, Shamsiddin"]
[Black "Sadek, Sameh"]
[Result "1-0"]
[WhiteTitle "GM"]
[BlackTitle "FM"]
[WhiteElo "2650"]
[BlackElo "2269"]
[WhiteTeam "Uzbekistan"]
[BlackTeam "Egypt"]
[WhiteFideId "14204223"]
[BlackFideId "10602771"]
[EventDate "2024.09.11"]

1. e4 e5 2. Nf3 Nc6 3. Bb5 Nge7 4. O-O g6 5. c3 Bg7 6. d4 exd4 7. cxd4 d5 8.
exd5 Nxd5 9. Re1+ Be6 10. Bg5 Qd6 11. Nbd2 O-O 12. Ne4 Qb4 13. Bxc6 bxc6 14. Qc1
Rab8 15. b3 Qb6 16. Nc5 Rfe8 17. Ne5 Ra8 18. Nc4 Qb8 19. Ne5 Qb6 20. h3 a5 21.
Bh6 Bh8 22. Bd2 Nb4 23. Qc3 Bd5 24. Ncd7 Qb5 25. Ng4 Rxe1+ 26. Rxe1 Bg7 27. Bh6
Qd3 28. Ndf6+ Bxf6 29. Nxf6+ Kh8 30. Qc5 Be6 31. Rxe6 1-0

[Event "45th Olympiad 2024"]
[Site "Budapest HUN"]
[Date "2024.09.12"]
[Round "2.6"]
[Board "2"]
[White "Vandenbussche, Thibaut"]
[Black "Van Foreest, Jorden"]
[Result "0-1"]
[WhiteTitle "IM"]
[BlackTitle "GM"]
[WhiteElo "2461"]
[BlackElo "2696"]
[WhiteTeam "Belgium"]
[BlackTeam "Netherlands"]
[WhiteFideId "204412"]
[BlackFideId "1039784"]
[EventDate "2024.09.11"]

1. e4 c5 2. Nf3 d6 3. Bb5+ Bd7 4. Bxd7+ Nxd7 5. O-O e6 6. b3 Ngf6 7. Qe2 g6 8.
c4 Bg7 9. Nc3 O-O 10. d4 cxd4 11. Nxd4 a6 12. Bb2 Qa5 13. Rfd1 Rfd8 14. Rac1
Rac8 15. a3 Qh5 16. Nf3 Ne8 17. h3 Rc6 18. Na2 Bh6 19. Rc2 Rdc8 20. e5 Nxe5 21.
Nxe5 Qxe2 22. Rxe2 dxe5 23. Bxe5 Bf8 24. Nb4 Rb6 25. Bd4 Rd6 26. Red2 f6 27. Nc2
Kf7 28. c5 Rd7 29. Be3 Rxd2 30. Rxd2 Bxc5 31. Bxc5 Rxc5 32. Rd7+ Kg8 33. Ne3 Rc7
34. Rd8 Kf7 35. g4 Ke7 36. Rb8 Nd6 37. Rh8 Nf7 38. Rb8 Ne5 39. Rh8 Kd6 40. f4
Nd3 41. f5 Nf4 42. Nc4+ Kc5 43. fxe6 Nxe6 44. Kf2 Kd4 45. Re8 Nc5 46. Nd2 Kc3
47. Ke2 Rd7 48. Re3+ Kc2 49. Nf3 Nxb3 50. Ne1+ Kb2 51. Nd3+ Ka2 52. h4 a5 53. g5
fxg5 54. hxg5 a4 55. Ne5 Rc7 0-1

[Event "45th Olympiad 2024"]
[Site "Budapest HUN"]
[Date "2024.09.12"]
[Round "2.6"]
[Board "3"]
[White "Warmerdam, Max"]
[Black "Maerevoet, Sim"]
[Result "1/2-1/2"]
[WhiteTitle "GM"]
[BlackTitle "IM"]
[WhiteElo "2679"]
[BlackElo "2432"]
[WhiteTeam "Netherlands"]
[BlackTeam "Belgium"]
[WhiteFideId "1048104"]
[BlackFideId "241725"]
[EventDate "2024.09.11"]

1. Nf3 d5 2. g3 g6 3. Bg2 Bg7 4. O-O e5 5. d3 Nc6 6. Nc3 Nge7 7. e4 O-O 8. exd5
Nxd5 9. Nxd5 Qxd5 10. Re1 Qd8 11. Bd2 Re8 12. b4 a6 13. Ng5 Nd4 14. Ne4 Rb8 15.
h4 h6 16. c3 Ne6 17. h5 f5 18. Nc5 Nxc5 19. bxc5 g5 20. d4 e4 21. f3 b6 22. cxb6
Rxb6 23. fxe4 c5 24. dxc5 Rb2 25. Be3 Bxc3 26. Qxd8 Rxd8 27. Rad1 Re8 28. Rf1
fxe4 29. Rd6 Re2 30. Bd4 Bxd4+ 31. Rxd4 Rc2 32. Bxe4 Rxc5 33. Rf6 Re6 34. Rxe6
Bxe6 35. Rd6 Bxa2 36. Rg6+ Kf8 37. Rxa6 Bd5 38. Bxd5 Rxd5 39. Rxh6 g4 40. Kf2
Kg7 41. Rg6+ Kf7 42. Rxg4 Rxh5 1/2-1/2

[Event "45th Olympiad 2024"]
[Site "Budapest HUN"]
[Date "2024.09.12"]
[Round "2.6"]
[Board "4"]
[White "Hovhannisyan, Mher"]
[Black "Bok, Benjamin"]
[Result "1/2-1/2"]
[WhiteTitle "GM"]
[BlackTitle "GM"]
[WhiteElo "2414"]
[BlackElo "2596"]
[WhiteTeam "Belgium"]
[BlackTeam "Netherlands"]
[WhiteFideId "13300865"]
[BlackFideId "1017063"]
[EventDate "2024.09.11"]

1. Nf3 Nf6 2. g3 c5 3. Bg2 Nc6 4. d4 cxd4 5. Nxd4 e5 6. Nxc6 dxc6 7. Qxd8+ Kxd8
8. Nd2 Nd5 9. c3 Be6 10. O-O f6 11. e4 Nb6 12. f4 Kc7 13. fxe5 fxe5 14. b3 Nd7
15. Nf3 Bc5+ 16. Kh1 Rhf8 17. Bb2 Rae8 18. Rad1 h6 19. c4 Bg4 20. h3 Bxf3 21.
Bxf3 Bd4 22. Bxd4 exd4 23. Rxd4 Ne5 24. Kg2 Rd8 25. Rxd8 Rxd8 26. Rd1 Rxd1 27.
Bxd1 Kd6 28. Kf2 c5 29. Ke3 g5 30. h4 b6 1/2-1/2

[Event "45th Olympiad 2024"]
[Site "Budapest HUN"]
[Date "2024.09.12"]
[Round "2.7"]
[Board "1"]
[White "Rodrigue-Lemieux, Shawn"]
[Black "Christiansen, Johan-Sebastian"]
[Result "1-0"]
[WhiteTitle "GM"]
[BlackTitle "GM"]
[WhiteElo "2509"]
[BlackElo "2661"]
[WhiteTeam "Canada"]
[BlackTeam "Norway"]
[WhiteFideId "2620049"]
[BlackFideId "1512668"]
[EventDate "2024.09.11"]

1. e4 e6 2. d4 d5 3. Nd2 c5 4. exd5 Qxd5 5. Ngf3 cxd4 6. g3 Nc6 7. Bg2 Qb5 8. a4
Qa6 9. Bf1 Qa5 10. Bg2 Qa6 11. Bf1 Qa5 12. Bg2 e5 13. O-O Be6 14. c3 dxc3 15.
bxc3 Qxc3 16. Rb1 O-O-O 17. Ng5 Nf6 18. Nxe6 fxe6 19. a5 a6 20. Qa4 Rd4 21. Qa2
Nd5 22. Nf3 Rd3 23. Ng5 Nd4 24. Nf7 Rg8 25. Nxe5 Nb4 26. Rxb4 Bxb4 27. Nxd3 Qxd3
28. Be3 Kb8 29. Qb2 Ne2+ 30. Kh1 Qb5 31. Qc2 g6 32. Bb6 Nc3 33. Rc1 Rc8 34. Qb3
Nd5 35. Ba7+ Kxa7 36. Rxc8 Qxa5 37. h4 Bc5 38. Kh2 Bxf2 39. Qf3 Qe1 40. Re8 Bg1+
41. Kh3 Qe5 42. Rf8 Bb6 43. Rf7 h5 44. Qd3 g5 45. hxg5 Qxg5 46. Qh7 Bc7 47. Rxc7
Nxc7 48. Qxc7 Qg4+ 49. Kh2 Qb4 50. Qf7 a5 51. Qxe6 a4 52. Qe3+ Qb6 53. Qe7 Qa6
54. Kh3 a3 55. Bxb7 Qxb7 56. Qxa3+ Kb8 57. Qd6+ Ka8 58. Qd8+ Ka7 59. Qa5+ Kb8
60. Qe5+ Ka8 61. Qxh5 Qh1+ 62. Kg4 Qe4+ 63. Kg5 Qe5+ 64. Kh4 Qe4+ 65. g4 Qe1+
66. Kg5 Qe5+ 67. Kg6 Qe6+ 68. Kg7 Qd7+ 69. Kh6 Qd6+ 70. Qg6 Qh2+ 71. Kg7 Qc7+
72. Qf7 Qe5+ 73. Kh7 Qe4+ 74. Qf5 Qb7+ 75. Kg8 Qb3+ 76. Qf7 Qe3 77. Qd5+ Kb8 78.
g5 Qe8+ 79. Kg7 Qe7+ 80. Kh8 Qe3 81. Qd6+ Ka8 82. Qc6+ Ka7 83. g6 Qh3+ 84. Kg7
Kb8 85. Kf6 Qf1+ 86. Ke7 Qg1 87. Qd6+ Ka8 88. Qd5+ Ka7 89. Kf7 Qf2+ 90. Kg8 Qg3
91. g7 Qb8+ 92. Kf7 Qc7+ 93. Kf6 Qc3+ 94. Kf7 Qc7+ 95. Kf8 Qb8+ 96. Ke7 Qb4+ 97.
Ke8 Qb8+ 98. Kd7 Qb4 99. g8=Q Qb5+ 100. Ke7 Qb4+ 101. Kf6 Qf4+ 102. Kg7 Qg4+
103. Kh8 1-0

[Event "45th Olympiad 2024"]
[Site "Budapest HUN"]
[Date "2024.09.12"]
[Round "2.7"]
[Board "4"]
[White "Urkedal, Frode Olav Olsen"]
[Black "Noritsyn, Nikolay"]
[Result "1-0"]
[WhiteTitle "GM"]
[BlackTitle "IM"]
[WhiteElo "2546"]
[BlackElo "2451"]
[WhiteTeam "Norway"]
[BlackTeam "Canada"]
[WhiteFideId "1506102"]
[BlackFideId "2604922"]
[EventDate "2024.09.11"]

1. d4 d5 2. c4 dxc4 3. e4 e5 4. Nf3 Bb4+ 5. Nc3 exd4 6. Qxd4 Qxd4 7. Nxd4 Nf6 8.
f3 Bc5 9. Ndb5 Na6 10. Bf4 Be6 11. Bxc7 Ke7 12. O-O-O Nxc7 13. Nxc7 Rac8 14.
Nxe6 fxe6 15. Kc2 Be3 16. g3 Rhf8 17. Bh3 Nd7 18. f4 g5 19. Bxe6 Kxe6 20. f5+
Ke7 21. Nd5+ Kf7 22. Nxe3 Ne5 23. Rd6 Rfe8 24. h4 g4 25. h5 b5 26. Rhd1 Nd3 27.
Rd7+ Kf8 28. Rxh7 Kg8 29. Rxa7 Rxe4 30. Nd5 Re2+ 31. Rd2 Re1 32. Rh2 Rd8 33. h6
Kh8 34. Nf6 Nb4+ 35. Kc3 Nd5+ 36. Nxd5 Rxd5 37. f6 Rd8 38. Kb4 Rf1 39. Rf7 Rc8
40. Re2 Rh1 41. Rfe7 Rf8 42. Re8 Kg8 43. R2e7 Rxe8 44. f7+ 1-0

[Event "45th Olympiad 2024"]
[Site "Budapest HUN"]
[Date "2024.09.12"]
[Round "2.8"]
[Board "1"]
[White "Kollars, Dmitrij"]
[Black "Quizon, Daniel"]
[Result "0-1"]
[WhiteTitle "GM"]
[BlackTitle "IM"]
[WhiteElo "2659"]
[BlackElo "2490"]
[WhiteTeam "Germany"]
[BlackTeam "Philippines"]
[WhiteFideId "12909572"]
[BlackFideId "5217911"]
[EventDate "2024.09.11"]

1. e4 c5 2. Nf3 d6 3. d4 cxd4 4. Nxd4 Nf6 5. Nc3 Nc6 6. Bg5 e6 7. Qd2 a6 8. Nxc6
bxc6 9. O-O-O Be7 10. Bxf6 gxf6 11. Bc4 Qa5 12. f4 Rb8 13. Bb3 Bd7 14. Kb1 h5
15. Rhe1 c5 16. f5 Rb4 17. fxe6 fxe6 18. a3 Rd4 19. Qe3 Qb6 20. Ne2 Rxd1+ 21.
Rxd1 Qb5 22. Nc3 Qb7 23. Bc4 Kf7 24. Qe2 a5 25. Nd5 Qb8 26. Ne3 Kf8 27. Qf3 Ke8
28. a4 Qb7 29. Rd3 f5 30. exf5 Qxf3 31. gxf3 exf5 32. Bb5 Kd8 33. Bxd7 Kxd7 34.
Nxf5 Rg8 35. Ne3 Rg1+ 36. Ka2 Rh1 37. Rd2 Bg5 38. Re2 Bxe3 39. Rxe3 Rxh2 40. Kb3
Rf2 41. c3 h4 42. Re4 h3 43. Rh4 h2 44. Kc4 Rxb2 45. Rh6 Kc6 46. f4 Ra2 47. Kb3
Rf2 48. f5 Kd5 49. c4+ Kd4 50. Rh4+ Ke5 51. Rh5 Kf4 52. f6 Kg3 53. Rg5+ Kh4 54.
Rg6 Kh5 0-1

[Event "45th Olympiad 2024"]
[Site "Budapest HUN"]
[Date "2024.09.12"]
[Round "2.8"]
[Board "2"]
[White "Bersamina, Paulo"]
[Black "Bluebaum, Matthias"]
[Result "0-1"]
[WhiteTitle "IM"]
[BlackTitle "GM"]
[WhiteElo "2425"]
[BlackElo "2640"]
[WhiteTeam "Philippines"]
[BlackTeam "Germany"]
[WhiteFideId "5206995"]
[BlackFideId "24651516"]
[EventDate "2024.09.11"]

1. e4 c6 2. d4 d5 3. e5 Bf5 4. h4 h5 5. Bd3 Bxd3 6. Qxd3 Qa5+ 7. b4 Qa6 8. e6
Qxd3 9. cxd3 fxe6 10. Nd2 Nh6 11. Ndf3 Nf5 12. Ne2 g6 13. Nf4 a5 14. Nxe6 Kd7
15. Nxf8+ Rxf8 16. bxa5 Rxa5 17. O-O Ra4 18. Ne5+ Kc8 19. Nxg6 Rg8 20. Nf4 Nxd4
21. f3 Nb3 22. axb3 Rxa1 23. Nxh5 Na6 24. d4 Nb4 25. Nf4 Nc2 26. Ne2 Rb1 27. h5
Rxb3 28. Kf2 c5 29. Nf4 Rh8 30. dxc5 e5 31. Nxd5 Rxh5 32. Nf6 Rh8 33. g4 Nd4 34.
Kg2 Rc3 35. Ne4 Rc2+ 36. Bd2 Nb3 37. Rf2 Nxc5 38. Bc3 Rxf2+ 39. Nxf2 Re8 40. Kg3
Kd7 41. g5 Ke6 42. f4 exf4+ 43. Kg4 Rc8 44. Bd4 f3 45. Kxf3 Kf5 46. Be3 b5 47.
Bd2 Rd8 48. Bc3 Ne6 49. g6 Kxg6 50. Ke4 Nc5+ 51. Ke3 Kf5 52. Bb4 Ne6 53. Nd3 Rg8
54. Bd6 Rh8 55. Bb4 Rh3+ 56. Kd2 Rf3 57. Ne1 Rh3 58. Nd3 Nf4 59. Nc5 Rh2+ 0-1

[Event "45th Olympiad 2024"]
[Site "Budapest HUN"]
[Date "2024.09.12"]
[Round "2.8"]
[Board "3"]
[White "Donchenko, Alexander"]
[Black "Gomez, John Paul"]
[Result "1-0"]
[WhiteTitle "GM"]
[BlackTitle "GM"]
[WhiteElo "2638"]
[BlackElo "2408"]
[WhiteTeam "Germany"]
[BlackTeam "Philippines"]
[WhiteFideId "24603295"]
[BlackFideId "5201381"]
[EventDate "2024.09.11"]

1. c4 Nf6 2. Nf3 g6 3. Nc3 d5 4. cxd5 Nxd5 5. h4 Nxc3 6. bxc3 h5 7. e4 Bg7 8.
Be2 c5 9. O-O Nc6 10. Rb1 O-O 11. Qa4 Qc7 12. Rd1 Bg4 13. d4 a6 14. dxc5 Bxc3
15. Qb3 Bxf3 16. Bxf3 Bd4 17. Bh6 Rfc8 18. e5 Bxe5 19. Qxb7 Nd4 20. Be3 Qxc5 21.
Rbc1 Nxf3+ 22. gxf3 1-0

[Event "45th Olympiad 2024"]
[Site "Budapest HUN"]
[Date "2024.09.12"]
[Round "2.9"]
[Board "1"]
[White "Galaviz Medina, Sion Radamantys"]
[Black "Vitiugov, Nikita"]
[Result "1/2-1/2"]
[WhiteTitle "IM"]
[BlackTitle "GM"]
[WhiteElo "2488"]
[BlackElo "2676"]
[WhiteTeam "Mexico"]
[BlackTeam "England"]
[WhiteFideId "5123119"]
[BlackFideId "4152956"]
[EventDate "2024.09.11"]

1. d4 Nf6 2. c4 g6 3. Nc3 Bg7 4. e4 d6 5. Be2 O-O 6. Be3 Nc6 7. d5 Ne5 8. f4
Neg4 9. Bd2 Nh6 10. Nf3 c6 11. O-O cxd5 12. cxd5 b5 13. Bd3 b4 14. Na4 Bd7 15.
Kh1 Nhg4 16. h3 Qa5 17. b3 Bb5 18. Bxb5 Nxe4 19. hxg4 Qxb5 20. Rc1 Ng3+ 21. Kh2
Nxf1+ 22. Qxf1 Qxd5 23. Bxb4 Rac8 24. Re1 h5 25. gxh5 Qxh5+ 26. Kg3 Bf6 27. Qd3
Qf5 28. Qxf5 gxf5 29. Nh4 Rc2 30. Nxf5 Rb8 31. Ne3 Rxa2 32. Nd5 a5 33. Nxf6+
exf6 34. Nc3 Rc2 35. Bxa5 Rxb3 36. Re3 Rbb2 37. Kg4 Rxg2+ 38. Kf5 Rg6 39. Bd8
Kg7 40. Nd5 Rb5 41. Rd3 Rh6 42. Ke4 f5+ 43. Kxf5 Rh5+ 44. Bg5 f6 45. Kg4 fxg5
46. Kxh5 gxf4 47. Kg4 Kf7 48. Kxf4 Ra5 49. Kf5 Rc5 50. Rd1 Ra5 51. Rd2 Rc5 52.
Ke4 1/2-1/2

[Event "45th Olympiad 2024"]
[Site "Budapest HUN"]
[Date "2024.09.12"]
[Round "2.9"]
[Board "4"]
[White "McShane, Luke J"]
[Black "Ibarra Chami, Luis Fernando"]
[Result "1-0"]
[WhiteTitle "GM"]
[BlackTitle "GM"]
[WhiteElo "2611"]
[BlackElo "2427"]
[WhiteTeam "England"]
[BlackTeam "Mexico"]
[WhiteFideId "404853"]
[BlackFideId "5105048"]
[EventDate "2024.09.11"]

1. e4 c5 2. Nf3 Nc6 3. Bb5 Nf6 4. Bxc6 dxc6 5. d3 Qc7 6. Nbd2 e5 7. Nc4 Be6 8.
b3 Nd7 9. Ne3 Be7 10. g4 O-O-O 11. h4 h6 12. Qe2 g6 13. Bb2 Qa5+ 14. Qd2 Qxd2+
15. Kxd2 Bd6 16. g5 Rdf8 17. Rag1 f6 18. gxf6 Rxf6 19. Ke2 Rhf8 20. Rg3 b5 21.
Rh2 c4 22. dxc4 bxc4 23. Rhg2 Nc5 24. Nd2 cxb3 25. axb3 h5 26. f3 Nd7 27. Rxg6
Be7 28. Rg7 R6f7 29. Rxf7 Rxf7 30. Ndc4 Rf4 31. Nxe5 Nxe5 32. Bxe5 Rxh4 33. Rg7
Kd8 34. Rh7 Rh1 35. f4 Ke8 36. Rh8+ Kd7 37. f5 Bf7 38. Rh7 Ke8 39. Rh8+ Kd7 40.
Bf4 Rh4 41. Kf3 Rh3+ 42. Kg2 Rh4 43. Kg3 Rh1 44. e5 Rg1+ 45. Kf2 Rg8 46. Rh7 1-0

[Event "45th Olympiad 2024"]
[Site "Budapest HUN"]
[Date "2024.09.12"]
[Round "2.10"]
[Board "1"]
[White "Ferreira, Jorge Viterbo"]
[Black "Tabatabaei, M. Amin"]
[Result "1/2-1/2"]
[WhiteTitle "GM"]
[BlackTitle "GM"]
[WhiteElo "2535"]
[BlackElo "2714"]
[WhiteTeam "Portugal"]
[BlackTeam "Iran"]
[WhiteFideId "1910850"]
[BlackFideId "12521213"]
[EventDate "2024.09.11"]

1. e4 c5 2. Nf3 d6 3. Bb5+ Nd7 4. d4 cxd4 5. Nxd4 Nf6 6. Bd3 Nc5 7. Nc3 a6 8.
Bg5 e6 9. Nb3 Ncd7 10. a4 b6 11. O-O Be7 12. f4 h6 13. Bh4 e5 14. fxe5 Nxe5 15.
Nd4 O-O 16. Nf5 Bxf5 17. Rxf5 Nd5 18. Nxd5 Bxh4 19. Qe2 g6 20. Rff1 Qc8 21. Qe3
Qc5 22. Qxc5 bxc5 23. Be2 Kg7 24. c3 a5 25. b3 Bg5 26. g3 h5 27. h4 Bh6 28. Bb5
Ra7 29. Nb6 f5 30. exf5 gxf5 31. Rad1 Kh7 32. Rxd6 Rg7 33. Nd7 Nxd7 34. Rxd7
Rxd7 35. Bxd7 f4 36. gxf4 Rxf4 37. Rxf4 1/2-1/2

[Event "45th Olympiad 2024"]
[Site "Budapest HUN"]
[Date "2024.09.12"]
[Round "2.10"]
[Board "4"]
[White "Movahed, Sina"]
[Black "Barria Santos, Jose Guilherme"]
[Result "1-0"]
[WhiteTitle "IM"]
[BlackTitle "FM"]
[WhiteElo "2528"]
[BlackElo "2411"]
[WhiteTeam "Iran"]
[BlackTeam "Portugal"]
[WhiteFideId "42520835"]
[BlackFideId "1939300"]
[EventDate "2024.09.11"]

1. e4 e5 2. Nf3 Nc6 3. Bb5 a6 4. Ba4 Nf6 5. O-O Be7 6. d3 b5 7. Bb3 d6 8. Bd2
O-O 9. h3 Bd7 10. Re1 h6 11. c4 b4 12. a3 a5 13. Be3 Re8 14. Nbd2 Bf8 15. Rc1
Be6 16. Kh2 Nb8 17. d4 exd4 18. Nxd4 Bd7 19. Bc2 c5 20. Ne2 Bc6 21. Ng3 Nbd7 22.
f4 g6 23. Bf2 h5 24. Ngf1 Bh6 25. Qf3 Nh7 26. Rb1 Qf6 27. g3 bxa3 28. bxa3 Rab8
29. Ne3 Qc3 30. Qd1 h4 31. Ng4 hxg3+ 32. Bxg3 Bg7 33. Rxb8 Rxb8 34. Re3 Qa1 35.
Rd3 Qxd1 36. Bxd1 Bf8 37. Bf3 Rb2 38. Kg1 Ndf6 39. Ne3 Ra2 40. Kf1 Rb2 41. h4
Nh5 42. Bxh5 gxh5 43. Nd5 Kg7 44. e5 dxe5 45. fxe5 Kg6 46. Ne4 Kf5 47. Nd6+ Bxd6
48. exd6 Ke6 49. Re3+ 1-0

[Event "45th Olympiad 2024"]
[Site "Budapest HUN"]
[Date "2024.09.12"]
[Round "2.11"]
[Board "2"]
[White "Krstulovic, Alex"]
[Black "Piorun, Kacper"]
[Result "1/2-1/2"]
[WhiteTitle "IM"]
[BlackTitle "GM"]
[WhiteElo "2452"]
[BlackElo "2599"]
[WhiteTeam "Hungary C"]
[BlackTeam "Poland"]
[WhiteFideId "760056"]
[BlackFideId "1130420"]
[EventDate "2024.09.11"]

1. d4 e6 2. Bf4 Nf6 3. Nf3 b6 4. e3 Bb7 5. c4 Bb4+ 6. Nfd2 c5 7. a3 Bxd2+ 8.
Nxd2 cxd4 9. Bd6 dxe3 10. fxe3 h5 11. Be2 Ng4 12. Bxg4 Qh4+ 13. g3 Qxg4 14. Qxg4
hxg4 15. O-O f5 16. e4 g6 17. Rae1 Kf7 18. b4 Na6 19. c5 b5 20. Nb3 Nb8 21. Na5
Bc6 22. Rf4 Na6 23. Ref1 Ke8 24. exf5 gxf5 25. Rd4 Rc8 26. Re1 Kf7 27. Be5 Rhd8
28. Red1 Bd5 29. Rxd5 exd5 30. Nb7 Rg8 31. Nd6+ Ke6 32. Bd4 Ke7 33. Nxf5+ Kf7
34. Nd6+ Kg6 35. Nxc8 Rxc8 36. Rf1 Nb8 37. Rf6+ Kg5 38. Rd6 Kf5 39. Rxd5+ Ke4
40. Rd6 Rc6 41. Bf2 Rxd6 42. cxd6 Nc6 43. Kg2 a5 44. bxa5 Nxa5 45. Be1 1/2-1/2

[Event "45th Olympiad 2024"]
[Site "Budapest HUN"]
[Date "2024.09.12"]
[Round "2.11"]
[Board "3"]
[White "Bartel, Mateusz"]
[Black "Juhasz, Agoston"]
[Result "1-0"]
[WhiteTitle "GM"]
[BlackTitle "IM"]
[WhiteElo "2618"]
[BlackElo "2427"]
[WhiteTeam "Poland"]
[BlackTeam "Hungary C"]
[WhiteFideId "1112635"]
[BlackFideId "778346"]
[EventDate "2024.09.11"]

1. c4 e5 2. Nc3 Bb4 3. Nd5 Bc5 4. e3 Nf6 5. b4 Nxd5 6. bxc5 Nf6 7. Nf3 e4 8. Nd4
Nc6 9. Bb2 O-O 10. Be2 b6 11. O-O bxc5 12. Nxc6 dxc6 13. f4 exf3 14. Rxf3 Ne4
15. d3 Ng5 16. Rg3 f6 17. Qf1 Rb8 18. Bc3 Qd6 19. Qf2 Kh8 20. Rf1 Bd7 21. Qe1 h6
22. Qf2 Rbe8 23. h4 Nh7 24. e4 Rb8 25. Bh5 Be8 26. Bg4 Rf7 27. Bf5 Nf8 28. Qe3
Nd7 29. Bxd7 Bxd7 30. e5 Qe6 31. Rg6 Kg8 32. Qxh6 1-0

[Event "45th Olympiad 2024"]
[Site "Budapest HUN"]
[Date "2024.09.12"]
[Round "2.11"]
[Board "4"]
[White "Karacsonyi, Gellert"]
[Black "Gumularz, Szymon"]
[Result "1/2-1/2"]
[WhiteTitle "IM"]
[BlackTitle "GM"]
[WhiteElo "2403"]
[BlackElo "2571"]
[WhiteTeam "Hungary C"]
[BlackTeam "Poland"]
[WhiteFideId "764620"]
[BlackFideId "1188062"]
[EventDate "2024.09.11"]

1. e4 c6 2. Nf3 d5 3. d3 g6 4. e5 c5 5. Bf4 Nc6 6. Qd2 Bg4 7. Nh4 e6 8. g3 Be7
9. h3 Bh5 10. g4 Bxh4 11. gxh5 g5 12. Bh2 f6 13. exf6 Nxf6 14. Be2 Rf8 15. O-O
Qd7 16. Qe3 O-O-O 17. Qxc5 e5 18. Nc3 Qxh3 19. Nb5 Ng4 20. Nxa7+ Kc7 21. Bxg4
Qxg4+ 22. Kh1 Qf3+ 23. Kg1 Qg4+ 24. Kh1 Qf3+ 25. Kg1 Qg4+ 26. Kh1 1/2-1/2